000 00249nam a2200109Ia 4500
005 20251222114354.0
008 251222s1900||||xx |||||||||||||| ||spa||
082 _aDVD0092/N29/2002
245 0 _aHappening 2002
264 _bNavarro, Igor
942 _cDVD
999 _c1381
_d1381